NOTE ON PREDICTING PROBABLE MAXIMUM PLYWOOD GLUE ADHESION STRENGTH BASED ON PLYWOOD SHEAR TESTS

Bibliographic Details
Main Authors: Raghunatha Rao, D. M. (Author), Narayanamurti, D. (Author), Kumar, R. N. (Author)
Format: Article
Language:English

MARC

LEADER 00000nab a2200000uu 4500
001 vtls010886753
003 SK-MaSNL
005 20260303214826.0
008 230218|1967 xo |||||||||||||||||eng|
015 |a SNBRB 
035 |a (urnnbn)urn:nbn:sk:snk:ar-003cns 
035 |a (uuid)dee55e91-4e8d-4185-a2fc-9773efdb6fe2 
035 |a urn:nbn:sk:snk-ab8hif 
040 |a SNKBUCL  |b slo  |c SNKBUCL  |e AACR2 
041 0 |a eng 
044 |a xo  |c SK 
100 1 |a Raghunatha Rao, D. M.  |4 aut  |9 1250257 
245 1 0 |a NOTE ON PREDICTING PROBABLE MAXIMUM PLYWOOD GLUE ADHESION STRENGTH BASED ON PLYWOOD SHEAR TESTS  |c D. Narayanamurti, D. M. Raghunatha Rao, R. N. Kumar 
700 1 |a Narayanamurti, D.  |4 aut  |9 1157237 
700 1 |a Kumar, R. N.  |4 aut  |9 1250258 
773 0 |t Drevársky výskum : sborník prác z odboru výskumu dreva  |g Roč. 12, č. 4 (1967), s. 215-220 
958 |a OND 
958 |a EUIPO 
958 |a article10 
999 |c 2218924  |d 2220854